00495nam a22001697a 450000500170000001000150001702000230003203500140005503700130006908200080008210000220009024500640011226000370017627000390021330000220025250000510027420170825143339.0 aENG-120117 a8189435329c200.00 aEN-103649 bDBAD/PUB a881 aBhatnagar, Rashmi aThe mind and the art of john Tranter/c by Rashmi Bhatnagar aAjmerbChhavi Publicationsc2016 a59, Kutchery Road, bAjmere305001 a170p. c22cm(pbk) a Includes bibliographical references and index